[Event "DEM U16 2017"]
[Site "Willingen GER"]
[Date "2017.06.04"]
[Round "1"]
[White "Martin, Julian"]
[Black "Goldbeck, Lars"]
[Result "1-0"]
[Termination "normal"]
[Board "1"]
[WhiteTitle "FM"]
[WhiteElo "2348"]
[BlackElo "2197"]
[WhiteClock "00:22:51"]
[BlackClock "00:02:01"]
[PlyCount "97"]
[WhiteFideId "12941000"]
[BlackFideId "16208188"]
[EventCountry "GER"]
[EventRounds "9"]
[EventType "swiss"]
[EventDate "2017.06.03"]

1. e4 c5 2. Nf3 d6 3. d4 cxd4 4. Nxd4 Nf6 5. Nc3 a6 6. h3 e5 7. Nb3 Be6 8. f4
exf4 9. Bxf4 Nc6 10. Qe2 Be7 11. O-O-O Qc7 12. g4 Nd7 13. g5 Nde5 14. Nd5 Bxd5
15. exd5 Nb8 16. h4 Nbd7 17. Rh3 Ng6 18. Re3 Rc8 19. Bg3 O-O 20. Bh3 Rfe8 21.
Nd4 Nge5 22. Kb1 Bf8 23. Bxd7 Qxd7 24. Bxe5 dxe5 25. Rxe5 Rxe5 26. Qxe5 Re8 27.
Qf5 Qxf5 28. Nxf5 g6 29. Nd4 Re4 30. Nf3 Rf4 31. Rd3 Kg7 32. b3 b5 33. Kc1 Bd6
34. Kd2 Rg4 35. a3 Kf8 36. b4 a5 37. bxa5 Ra4 38. Rb3 b4 39. axb4 Bxb4+ 40. Kd3
Bxa5 41. c4 Bb4 42. Ne5 Ra3 43. Rxa3 Bxa3 44. c5 Ke7 45. d6+ Ke6 46. d7 Ke7 47.
c6 Bd6 48. Nxf7 Bc7 49. d8=Q+ 1-0

[Event "DEM U16 2017"]
[Site "Willingen GER"]
[Date "2017.06.04"]
[Round "1"]
[White "Roseneck, Jonas"]
[Black "Schmidek, Emil"]
[Result "1-0"]
[Termination "normal"]
[Board "2"]
[BlackTitle "FM"]
[WhiteElo "2173"]
[BlackElo "2424"]
[WhiteClock "00:52:49"]
[BlackClock "00:30:23"]
[PlyCount "91"]
[WhiteFideId "12939870"]
[BlackFideId "12908150"]
[EventCountry "GER"]
[EventRounds "9"]
[EventType "swiss"]
[EventDate "2017.06.03"]

1. e4 e5 2. Nf3 Nc6 3. Bb5 a6 4. Ba4 Nf6 5. O-O b5 6. Bb3 Be7 7. Re1 O-O 8. c3
d5 9. exd5 Nxd5 10. Nxe5 Nxe5 11. Rxe5 c6 12. d3 Bd6 13. Re1 Qh4 14. g3 Qh3 15.
Re4 Nf6 16. Rh4 Qf5 17. Nd2 g5 18. Rh6 Ng4 19. Ne4 Nxh6 20. Nxd6 Qg6 21. Ne4
Bf5 22. Nxg5 Bxd3 23. Nf3 Be4 24. Ne5 Qg7 25. Qh5 Nf5 26. Nxf7 Rxf7 27. Bxf7+
Qxf7 28. Qg4+ Qg6 29. Qxe4 Re8 30. Qf4 Re1+ 31. Kg2 Qe6 32. a4 Qd5+ 33. Kh3 Rg1
34. axb5 Qxb5 35. Qg5+ Kf7 36. Qh5+ Kg8 37. Qe8+ Kg7 38. Bh6+ Nxh6 39. Rxg1
Qf5+ 40. Kg2 Qd5+ 41. f3 Ng4 42. Re1 Nf6 43. Re7+ Kh6 44. Qf8+ Kg6 45. Qg7+ Kf5
46. g4+ 1-0

[Event "DEM U16 2017"]
[Site "Willingen GER"]
[Date "2017.06.04"]
[Round "1"]
[White "Buckels, Valentin"]
[Black "Wendler, David"]
[Result "1-0"]
[Termination "normal"]
[Board "3"]
[WhiteTitle "FM"]
[WhiteElo "2325"]
[BlackElo "2022"]
[PlyCount "83"]
[WhiteFideId "12942766"]
[BlackFideId "12938360"]
[EventCountry "GER"]
[EventRounds "9"]
[EventType "swiss"]
[EventDate "2017.06.03"]

1. d4 Nf6 2. c4 c5 3. d5 b5 4. cxb5 a6 5. bxa6 g6 6. Nc3 Bxa6 7. e4 Bxf1 8.
Kxf1 d6 9. Nf3 Bg7 10. g3 O-O 11. Kg2 Qb6 12. Qe2 Na6 13. Nd2 Nc7 14. Nb3 Rfb8
15. Bg5 Qa6 16. Qd2 Rb4 17. Rhe1 Qb7 18. Rab1 Nb5 19. f3 h6 20. Be3 Nd7 21. Bf2
Nd4 22. Nc1 Ne5 23. Bxd4 cxd4 24. Nd1 Nc4 25. Qf2 Ne3+ 26. Nxe3 dxe3 27. Qxe3
Bxb2 28. Nd3 Rb6 29. Re2 Rxa2 30. Rbe1 Ra3 31. Rd1 Rbb3 32. Qf2 Bf6 33. Ne1 Qb5
34. f4 Bg7 35. e5 dxe5 36. fxe5 Qb7 37. Kg1 Ra5 38. d6 exd6 39. exd6 Qd7 40.
Re7 Qf5 41. Qxf5 Rxf5 42. d7 1-0

[Event "DEM U16 2017"]
[Site "Willingen GER"]
[Date "2017.06.04"]
[Round "1"]
[White "Savchenko, Daniel"]
[Black "Engel, Luis"]
[Result "0-1"]
[Termination "normal"]
[Board "4"]
[WhiteElo "2037"]
[BlackElo "2362"]
[WhiteClock "00:04:24"]
[BlackClock "00:18:54"]
[PlyCount "64"]
[WhiteFideId "12919195"]
[BlackFideId "12961523"]
[EventCountry "GER"]
[EventRounds "9"]
[EventType "swiss"]
[EventDate "2017.06.03"]

1. e4 c5 2. Nf3 d6 3. d4 cxd4 4. Nxd4 Nf6 5. Nc3 a6 6. Be2 e5 7. Nb3 Be7 8. f4
Nc6 9. g4 h6 10. f5 b5 11. Bf3 Bb7 12. Be3 Na5 13. Nxa5 Qxa5 14. Qd3 b4 15. Nd5
Bxd5 16. exd5 e4 17. Bxe4 Nxg4 18. Bd4 Bh4+ 19. Ke2 Nf6 20. Rhg1 O-O 21. Bf3
Bg5 22. Rxg5 hxg5 23. Rg1 Rfe8+ 24. Kf2 Qd8 25. Kf1 Nd7 26. h4 g4 27. Qd2 Ne5
28. Bxg4 Qxh4 29. Bf2 Qf6 30. Bd4 Rac8 31. c3 bxc3 32. Bxc3 Nc4 0-1

[Event "DEM U16 2017"]
[Site "Willingen GER"]
[Date "2017.06.04"]
[Round "1"]
[White "Muckle, Julius"]
[Black "Kuznecovs, Nikita"]
[Result "0-1"]
[Termination "normal"]
[Board "5"]
[WhiteElo "2303"]
[BlackElo "2030"]
[WhiteClock "00:00:37"]
[BlackClock "00:06:58"]
[PlyCount "192"]
[WhiteFideId "12942430"]
[BlackFideId "11604557"]
[EventCountry "GER"]
[EventRounds "9"]
[EventType "swiss"]
[EventDate "2017.06.03"]

1. d4 Nf6 2. c4 e6 3. Nc3 Bb4 4. e3 O-O 5. Bd3 c5 6. Nf3 b6 7. O-O Bb7 8. a3
Bxc3 9. bxc3 d6 10. Qe2 Nc6 11. e4 e5 12. d5 Ne7 13. Nh4 Ng6 14. Nxg6 fxg6 15.
f4 Qe7 16. f5 gxf5 17. exf5 b5 18. cxb5 Nxd5 19. Bb2 Kh8 20. c4 Nf6 21. g4 h6
22. Rad1 a6 23. a4 axb5 24. axb5 Ra2 25. Rd2 Ba8 26. Bb1 Ra7 27. h3 Nh7 28. Kh2
Ng5 29. Qe3 Ra4 30. h4 Nh7 31. f6 Rxf6 32. Qd3 Nf8 33. Rxf6 Qxf6 34. Qg3 Qf1
35. Qf2 Qxf2+ 36. Rxf2 Kg8 37. Bc2 Ra7 38. Bf5 Rf7 39. Rd2 g6 40. Bc8 Rc7 41.
Ba6 Rd7 42. b6 e4 43. Bc8 e3 44. Re2 Rf7 45. Kg1 Bb7 46. Bxb7 Rxb7 47. Bc1 Rxb6
48. Bxe3 Nd7 49. Bf4 Kf7 50. Rf2 Ke6 51. Bxh6 Rb4 52. Rf4 Ne5 53. Bg7 Nxc4 54.
Rf6+ Ke7 55. g5 Rb1+ 56. Kf2 Ne5 57. Bf8+ Ke8 58. Ke2 Rb2+ 59. Kd1 Nd7 60. Rxg6
Kxf8 61. Rxd6 Ke7 62. Rh6 Rg2 63. g6 Kf6 64. Rh7 Ne5 65. h5 Rh2 66. Rh8 Nxg6
67. Rh6 Ke5 68. Rxg6 Rxh5 69. Kc2 Kd5 70. Rf6 Rh2+ 71. Kc3 Rh3+ 72. Kc2 Kc4 73.
Rf4+ Kb5 74. Rf8 Kb4 75. Rf4+ c4 76. Rf8 Rh2+ 77. Kc1 Kb3 78. Rb8+ Kc3 79. Kb1
Rh1+ 80. Ka2 Kc2 81. Rb2+ Kd3 82. Rg2 Re1 83. Rg3+ Re3 84. Rg8 Kd2 85. Rg4 Kd3
86. Kb2 Re2+ 87. Kc1 Re1+ 88. Kb2 c3+ 89. Kb3 Rb1+ 90. Ka2 Rb2+ 91. Ka1 Rd2 92.
Rg3+ Kc2 93. Rg8 Rd4 94. Rg2+ Kb3 95. Rg1 Ra4+ 96. Kb1 c2+ 0-1

[Event "DEM U16 2017"]
[Site "Willingen GER"]
[Date "2017.06.04"]
[Round "1"]
[White "Weber, Samuel"]
[Black "Gungl, Theo"]
[Result "1/2-1/2"]
[Termination "normal"]
[Board "6"]
[BlackTitle "FM"]
[WhiteElo "2039"]
[BlackElo "2239"]
[WhiteClock "00:03:42"]
[BlackClock "00:06:45"]
[PlyCount "62"]
[WhiteFideId "12924008"]
[BlackFideId "24695653"]
[EventCountry "GER"]
[EventRounds "9"]
[EventType "swiss"]
[EventDate "2017.06.03"]

1. e4 c5 2. Nf3 d6 3. g3 Nc6 4. Bg2 g6 5. d3 Bg7 6. O-O e6 7. Re1 Nge7 8. c3
O-O 9. a3 d5 10. e5 Bd7 11. Nbd2 Qb6 12. Nf1 a5 13. a4 Rac8 14. h4 h5 15. N1h2
d4 16. c4 Nb8 17. Bg5 Nf5 18. g4 hxg4 19. Nxg4 Bc6 20. Qd2 Nd7 21. Nh6+ Nxh6
22. Bxh6 Bxf3 23. Bxg7 Kxg7 24. Bxf3 Rh8 25. Qg5 Qd8 26. Qxd8 Rcxd8 27. Re4 b6
28. Kg2 Rh6 29. Kg3 Rdh8 30. Rh1 Kf8 31. Bg4 Ke7 1/2-1/2

[Event "DEM U16 2017"]
[Site "Willingen GER"]
[Date "2017.06.04"]
[Round "1"]
[White "Degenhard, Simon"]
[Black "Keyser, Robin"]
[Result "1-0"]
[Termination "normal"]
[Board "7"]
[WhiteElo "2151"]
[BlackElo "1883"]
[PlyCount "52"]
[WhiteFideId "12944017"]
[BlackFideId "12986429"]
[EventCountry "GER"]
[EventRounds "9"]
[EventType "swiss"]
[EventDate "2017.06.03"]

1. d4 e6 2. Nf3 Nf6 3. e3 b6 4. Bd3 Bb7 5. O-O Be7 6. c4 d5 7. b3 O-O 8. Bb2
Nbd7 9. Nbd2 dxc4 10. bxc4 c5 11. Qe2 Qc7 12. Rac1 Rac8 13. Rfe1 Rfd8 14. a3 h6
15. Bb1 Qb8 16. Ne5 Nxe5 17. dxe5 Nd7 18. f4 Nf8 19. Ne4 Ng6 20. Qg4 Bf8 21.
Nf6+ Kh8 22. Bxg6 Rd2 23. Rc2 Rcd8 24. Nd5 Rxc2 25. Bxc2 exd5 26. Qf5 Bc8 1-0

[Event "DEM U16 2017"]
[Site "Willingen GER"]
[Date "2017.06.04"]
[Round "1"]
[White "Heldt, Nils-Lennart"]
[Black "Rieß, Alexander"]
[Result "0-1"]
[Termination "normal"]
[Board "8"]
[BlackTitle "FM"]
[WhiteElo "2135"]
[BlackElo "2224"]
[WhiteClock "00:07:23"]
[BlackClock "00:53:36"]
[PlyCount "48"]
[WhiteFideId "12952109"]
[BlackFideId "12953326"]
[EventCountry "GER"]
[EventRounds "9"]
[EventType "swiss"]
[EventDate "2017.06.03"]

1. e4 c5 2. Nf3 d6 3. d4 cxd4 4. Nxd4 Nf6 5. Nc3 a6 6. Bg5 Nbd7 7. Qe2 Qc7 8.
O-O-O e6 9. f4 Be7 10. Nf3 h6 11. Bh4 g5 12. fxg5 hxg5 13. Bxg5 b5 14. e5 dxe5
15. Bxf6 Bxf6 16. Ne4 Be7 17. Kb1 Bb7 18. g4 Nb6 19. g5 Rc8 20. Bg2 Nd5 21. Ne1
Nf4 22. Qg4 Nxg2 23. Qxg2 Qc6 24. g6 Qxe4 0-1

[Event "DEM U16 2017"]
[Site "Willingen GER"]
[Date "2017.06.04"]
[Round "1"]
[White "Färber, David"]
[Black "Köllner, Aaron Noah"]
[Result "1-0"]
[Termination "normal"]
[Board "9"]
[WhiteElo "2229"]
[BlackElo "1967"]
[WhiteClock "00:07:18"]
[BlackClock "00:05:45"]
[PlyCount "79"]
[WhiteFideId "12971294"]
[BlackFideId "12993085"]
[EventCountry "GER"]
[EventRounds "9"]
[EventType "swiss"]
[EventDate "2017.06.03"]

1. e4 c5 2. Nf3 e6 3. d4 cxd4 4. Nxd4 Nc6 5. Nc3 Qc7 6. Be3 a6 7. Qd2 Nf6 8. f3
Bb4 9. O-O-O Ne5 10. Nb3 b5 11. Kb1 Be7 12. Qf2 Bb7 13. Na5 b4 14. Bb6 Qb8 15.
Ne2 O-O 16. Nc1 Rc8 17. Rg1 d5 18. Bd4 Nc4 19. Bxc4 dxc4 20. Qg3 Qxg3 21. hxg3
Bc6 22. Nxc4 Bxe4 23. b3 Bg6 24. Nd3 Rab8 25. Nf4 Nd5 26. Nxd5 exd5 27. Ne3 Rb5
28. Rd2 Bg5 29. f4 Be7 30. f5 Bh5 31. g4 Bg5 32. gxh5 Re8 33. Rd3 Re4 34. Rgd1
a5 35. Nf1 a4 36. bxa4 Ra5 37. Be3 Bf6 38. Rxd5 Ra8 39. a5 h6 40. Bb6 1-0

[Event "DEM U16 2017"]
[Site "Willingen GER"]
[Date "2017.06.04"]
[Round "1"]
[White "Nöldner, Julian"]
[Black "Zienert, Richard"]
[Result "0-1"]
[Termination "normal"]
[Board "10"]
[WhiteElo "1883"]
[BlackElo "2261"]
[WhiteClock "00:29:20"]
[BlackClock "01:30:30"]
[PlyCount "60"]
[WhiteFideId "16218744"]
[BlackFideId "12945986"]
[EventCountry "GER"]
[EventRounds "9"]
[EventType "swiss"]
[EventDate "2017.06.03"]

1. Nf3 Nf6 2. g3 d5 3. Bg2 e6 4. O-O Be7 5. c4 c6 6. d4 Nbd7 7. b3 O-O 8. Nc3
b6 9. Qc2 Ba6 10. Nd2 e5 11. dxe5 Nxe5 12. cxd5 cxd5 13. Nf3 Nxf3+ 14. Bxf3 Rc8
15. Qb2 d4 16. Nd1 Nd5 17. Bd2 d3 18. Nc3 Nxc3 19. Bxc3 Rxc3 20. Qxc3 Bf6 21.
Qb4 dxe2 22. Rfe1 Bxa1 23. Rxa1 Re8 24. Re1 Qd3 25. Kg2 Bc8 26. Bc6 Re6 27. Bb5
Bb7+ 28. Kh3 Rh6+ 29. Kg4 Qf3+ 30. Kg5 f6# 0-1

[Event "DEM U16 2017"]
[Site "Willingen GER"]
[Date "2017.06.04"]
[Round "1"]
[White "Fieberg, Samuel"]
[Black "Recktenwald, Cedric"]
[Result "1-0"]
[Termination "normal"]
[Board "11"]
[WhiteElo "2221"]
[BlackElo "1788"]
[WhiteClock "00:37:13"]
[BlackClock "00:11:53"]
[PlyCount "57"]
[WhiteFideId "12901717"]
[BlackFideId "12971928"]
[EventCountry "GER"]
[EventRounds "9"]
[EventType "swiss"]
[EventDate "2017.06.03"]

1. e4 e6 2. d4 d5 3. Nd2 Nf6 4. e5 Nfd7 5. Bd3 c5 6. c3 Nc6 7. Ne2 cxd4 8. cxd4
f6 9. exf6 Nxf6 10. Nf3 Bd6 11. O-O Qc7 12. h3 O-O 13. Re1 Bd7 14. Be3 Rae8 15.
Rc1 Qb8 16. Nc3 a6 17. Bb1 g6 18. Bh6 Rf7 19. Ng5 Rfe7 20. Qf3 Nh5 21. Nxd5
Nxd4 22. Nxe7+ Rxe7 23. Qd1 Nb5 24. a4 Na7 25. Qb3 Nf4 26. g3 Nd5 27. Nxe6 Rxe6
28. Qxd5 Qe8 29. Ba2 1-0

[Event "DEM U16 2017"]
[Site "Willingen GER"]
[Date "2017.06.04"]
[Round "1"]
[White "Junker, Magnus"]
[Black "Poghosyan, Tigran"]
[Result "1-0"]
[Termination "normal"]
[Board "12"]
[WhiteElo "1983"]
[BlackElo "2207"]
[WhiteClock "00:13:51"]
[BlackClock "00:00:58"]
[PlyCount "61"]
[WhiteFideId "16218507"]
[BlackFideId "12909319"]
[EventCountry "GER"]
[EventRounds "9"]
[EventType "swiss"]
[EventDate "2017.06.03"]

1. d4 Nf6 2. c4 g6 3. Nc3 d5 4. Bf4 Bg7 5. e3 O-O 6. Bd3 c5 7. Nf3 Nc6 8. dxc5
Qa5 9. O-O dxc4 10. Bxc4 Qxc5 11. Qa4 Bg4 12. Nd4 e5 13. Nb3 Qd6 14. Bg5 a6 15.
Bxf6 Qxf6 16. Bxf7+ Qxf7 17. Qxg4 Rad8 18. Ne4 Qe7 19. Rfd1 Kh8 20. h4 Qb4 21.
Nbc5 Rde8 22. h5 gxh5 23. Qxh5 b6 24. Ng5 h6 25. Rd6 Re7 26. Rxh6+ Bxh6 27.
Qxh6+ Kg8 28. Nce6 Rfe8 29. Qg6+ Kh8 30. g3 Qd6 31. Kg2 1-0

[Event "DEM U16 2017"]
[Site "Willingen GER"]
[Date "2017.06.04"]
[Round "1"]
[White "Ewert, Hannes"]
[Black "Lange, Jannis"]
[Result "1-0"]
[Termination "normal"]
[Board "13"]
[WhiteElo "2231"]
[BlackElo "1843"]
[WhiteClock "00:29:30"]
[BlackClock "00:01:44"]
[PlyCount "99"]
[WhiteFideId "12961574"]
[BlackFideId "12993107"]
[EventCountry "GER"]
[EventRounds "9"]
[EventType "swiss"]
[EventDate "2017.06.03"]

1. e4 c5 2. Nf3 Nc6 3. d4 cxd4 4. Nxd4 Nf6 5. Nc3 e5 6. Ndb5 d6 7. Bg5 a6 8.
Na3 b5 9. Nd5 Be7 10. Bxf6 Bxf6 11. c3 O-O 12. Nc2 Rb8 13. h4 Be7 14. Nce3 Be6
15. a4 bxa4 16. Qxa4 Bd7 17. Qc2 a5 18. g3 Be6 19. Qa4 Rc8 20. Bb5 Na7 21. Qxa5
Nxb5 22. Qxb5 Rb8 23. Qe2 Qd7 24. b4 Rfc8 25. O-O Bf8 26. Ra6 Rc6 27. Rfa1 Rxa6
28. Rxa6 Qd8 29. b5 Bd7 30. c4 Bc8 31. Ra7 Bb7 32. Qa2 Qc8 33. Qa5 Qc5 34. b6
Qxa5 35. Rxa5 Bc6 36. Ra7 Rb7 37. Rxb7 Bxb7 38. Nf1 f6 39. Nd2 Kf7 40. Nb3 Ke6
41. Na5 Bxd5 42. cxd5+ Kd7 43. Kf1 g6 44. Ke2 Bh6 45. Kd3 Kc8 46. Kc4 Bd2 47.
Kb5 Bxa5 48. Kxa5 Kb7 49. g4 h6 50. Kb5 1-0

[Event "DEM U16 2017"]
[Site "Willingen GER"]
[Date "2017.06.04"]
[Round "1"]
[White "Woithe, Daniel"]
[Black "Stein, Robert"]
[Result "0-1"]
[Termination "normal"]
[Board "14"]
[WhiteElo "1745"]
[BlackElo "2169"]
[WhiteClock "00:06:28"]
[BlackClock "00:11:08"]
[PlyCount "58"]
[WhiteFideId "16244648"]
[BlackFideId "12921084"]
[EventCountry "GER"]
[EventRounds "9"]
[EventType "swiss"]
[EventDate "2017.06.03"]

1. e4 c5 2. c3 g6 3. d4 cxd4 4. cxd4 d5 5. e5 Bg7 6. Nf3 Nh6 7. h3 O-O 8. Nc3
Nc6 9. Be3 Nf5 10. Bd3 Nxe3 11. fxe3 f6 12. exf6 Bxf6 13. O-O e6 14. a3 Ne7 15.
Rc1 Bd7 16. Qd2 Qb6 17. Rc2 Rf7 18. Ne2 Raf8 19. Ng3 Nf5 20. Nxf5 exf5 21. Qf2
Qd6 22. Rfc1 Be6 23. Rc5 g5 24. Qc2 g4 25. hxg4 fxg4 26. Ne1 Bg5 27. Qe2 Qg3
28. R1c2 Bxe3+ 29. Kh1 Qh4# 0-1

[Event "DEM U16 2017"]
[Site "Willingen GER"]
[Date "2017.06.04"]
[Round "2"]
[White "Zienert, Richard"]
[Black "Martin, Julian"]
[Result "1/2-1/2"]
[Termination "normal"]
[Board "1"]
[BlackTitle "FM"]
[WhiteElo "2261"]
[BlackElo "2348"]
[WhiteClock "00:40:23"]
[BlackClock "00:09:44"]
[PlyCount "100"]
[WhiteFideId "12945986"]
[BlackFideId "12941000"]
[EventCountry "GER"]
[EventRounds "9"]
[EventType "swiss"]
[EventDate "2017.06.03"]

1. e4 c5 2. Nf3 Nc6 3. d4 cxd4 4. Nxd4 e5 5. Nb5 d6 6. N1c3 a6 7. Na3 Be7 8.
Nc4 b5 9. Ne3 Nf6 10. Ned5 Nxd5 11. Nxd5 O-O 12. Bd3 Bg5 13. O-O Bxc1 14. Rxc1
Be6 15. Ne3 Qg5 16. a4 Nd4 17. axb5 axb5 18. c3 Nb3 19. Rb1 Rab8 20. Bc2 Na5
21. Qxd6 Nc4 22. Nxc4 bxc4 23. f4 exf4 24. Qxf4 Qe7 25. Kh1 Rb6 26. Rfd1 Rfb8
27. Rd4 g6 28. Bd1 Rxb2 29. Qxb8+ Rxb8 30. Rxb8+ Kg7 31. Rb4 Qg5 32. Rb1 Qe3
33. Bf3 Qxc3 34. Rdd1 Qe5 35. Rbc1 h5 36. Re1 Qb2 37. Rb1 Qd2 38. Rbd1 Qf4 39.
Rc1 h4 40. h3 Bxh3 41. Rxc4 Be6 42. Rc3 g5 43. Bd1 g4 44. Rce3 Bc4 45. Kg1 Kh6
46. Bb3 Bxb3 47. Rxb3 Qd2 48. Rbe3 Qd4 49. Kh1 Kg5 50. e5 Kf4 1/2-1/2

[Event "DEM U16 2017"]
[Site "Willingen GER"]
[Date "2017.06.04"]
[Round "2"]
[White "Fieberg, Samuel"]
[Black "Buckels, Valentin"]
[Result "0-1"]
[Termination "normal"]
[Board "2"]
[BlackTitle "FM"]
[WhiteElo "2221"]
[BlackElo "2325"]
[WhiteClock "00:15:26"]
[BlackClock "00:14:18"]
[PlyCount "60"]
[WhiteFideId "12901717"]
[BlackFideId "12942766"]
[EventCountry "GER"]
[EventRounds "9"]
[EventType "swiss"]
[EventDate "2017.06.03"]

1. e4 e5 2. Nf3 Nc6 3. Bc4 Bc5 4. c3 Nf6 5. d3 a6 6. O-O d6 7. a4 h6 8. a5 O-O
9. Qb3 Nh5 10. Be3 Qf6 11. Nbd2 Ne7 12. Rfe1 Ng6 13. Bxc5 dxc5 14. d4 cxd4 15.
cxd4 exd4 16. e5 Qe7 17. e6 Kh7 18. exf7 Qd8 19. Qc2 Nhf4 20. g3 d3 21. Qb3
Ne2+ 22. Kg2 Bf5 23. Qxb7 Rb8 24. Qxa6 Rxb2 25. Rab1 Rxd2 26. Nxd2 Qg5 27. Rb2
Nh4+ 28. Kh1 Qxd2 29. Rxd2 Be4+ 30. f3 Bxf3# 0-1

[Event "DEM U16 2017"]
[Site "Willingen GER"]
[Date "2017.06.04"]
[Round "2"]
[White "Engel, Luis"]
[Black "Ewert, Hannes"]
[Result "1/2-1/2"]
[Termination "normal"]
[Board "3"]
[WhiteElo "2362"]
[BlackElo "2231"]
[WhiteClock "00:31:15"]
[BlackClock "00:29:30"]
[PlyCount "48"]
[WhiteFideId "12961523"]
[BlackFideId "12961574"]
[EventCountry "GER"]
[EventRounds "9"]
[EventType "swiss"]
[EventDate "2017.06.03"]

1. e4 e5 2. Nf3 Nc6 3. Nc3 Nf6 4. Be2 d5 5. exd5 Nxd5 6. O-O Nxc3 7. bxc3 Bd6
8. d4 O-O 9. Re1 exd4 10. cxd4 Bf5 11. Bg5 Qd7 12. c3 Rfe8 13. Qd2 h6 14. Bf4
Re7 15. Bb5 Rxe1+ 16. Rxe1 a6 17. Ba4 b5 18. Bd1 Re8 19. Bxd6 cxd6 20. h3 Na5
21. Rxe8+ Qxe8 22. Qf4 Qe6 23. a4 Bd3 24. Qd2 Bc4 1/2-1/2

[Event "DEM U16 2017"]
[Site "Willingen GER"]
[Date "2017.06.04"]
[Round "2"]
[White "Stein, Robert"]
[Black "Degenhard, Simon"]
[Result "1/2-1/2"]
[Termination "normal"]
[Board "4"]
[WhiteElo "2169"]
[BlackElo "2151"]
[WhiteClock "00:23:12"]
[BlackClock "00:22:57"]
[PlyCount "44"]
[WhiteFideId "12921084"]
[BlackFideId "12944017"]
[EventCountry "GER"]
[EventRounds "9"]
[EventType "swiss"]
[EventDate "2017.06.03"]

1. d4 Nf6 2. c4 c5 3. Nf3 g6 4. Nc3 cxd4 5. Nxd4 Bg7 6. g3 O-O 7. Bg2 Qc7 8.
Nd5 Nxd5 9. cxd5 Qb6 10. Nb3 d6 11. O-O a5 12. Be3 Qd8 13. Bd4 a4 14. Bxg7 Kxg7
15. Qd4+ Kg8 16. Nd2 Nd7 17. Ne4 Qb6 18. Qxb6 Nxb6 19. Nd2 Bd7 20. Rfc1 Rfc8
21. e4 Kg7 22. f3 Kf6 1/2-1/2

[Event "DEM U16 2017"]
[Site "Willingen GER"]
[Date "2017.06.04"]
[Round "2"]
[White "Rieß, Alexander"]
[Black "Roseneck, Jonas"]
[Result "1/2-1/2"]
[Termination "normal"]
[Board "5"]
[WhiteTitle "FM"]
[WhiteElo "2224"]
[BlackElo "2173"]
[WhiteClock "00:14:39"]
[BlackClock "00:10:12"]
[PlyCount "59"]
[WhiteFideId "12953326"]
[BlackFideId "12939870"]
[EventCountry "GER"]
[EventRounds "9"]
[EventType "swiss"]
[EventDate "2017.06.03"]

1. d4 d5 2. c4 e6 3. Nc3 Bb4 4. Nf3 Nf6 5. Qa4+ Nc6 6. Bg5 h6 7. Bxf6 Qxf6 8.
e3 O-O 9. Rc1 dxc4 10. Bxc4 a6 11. O-O Bxc3 12. Rxc3 e5 13. Bd5 exd4 14. exd4
Ne7 15. Bb3 c6 16. Re1 Qd6 17. Rce3 Nd5 18. Re5 Be6 19. Qa5 Rad8 20. Qd2 Nc7
21. Bc2 Bg4 22. Qd3 g6 23. Bb3 Qf6 24. Re7 Rd7 25. Rxd7 Bxd7 26. Qe3 Kg7 27.
Qe7 Rd8 28. h3 Ne6 29. Qxf6+ Kxf6 30. d5 1/2-1/2

[Event "DEM U16 2017"]
[Site "Willingen GER"]
[Date "2017.06.04"]
[Round "2"]
[White "Kuznecovs, Nikita"]
[Black "Färber, David"]
[Result "1-0"]
[Termination "normal"]
[Board "6"]
[WhiteElo "2030"]
[BlackElo "2229"]
[WhiteClock "00:52:09"]
[BlackClock "00:16:28"]
[PlyCount "91"]
[WhiteFideId "11604557"]
[BlackFideId "12971294"]
[EventCountry "GER"]
[EventRounds "9"]
[EventType "swiss"]
[EventDate "2017.06.03"]

1. Nf3 d5 2. g3 Bg4 3. Bg2 Nd7 4. d3 Ngf6 5. Nbd2 e5 6. h3 Bh5 7. g4 Bg6 8. Nh4
c6 9. c4 Bc5 10. Nxg6 hxg6 11. e3 dxc4 12. Nxc4 Qe7 13. a3 Qe6 14. b4 Be7 15.
Bb2 Nd5 16. Qe2 b5 17. Na5 Bd8 18. O-O O-O 19. Rfc1 Bxa5 20. bxa5 Rfc8 21. h4
Rab8 22. g5 Rc7 23. Qf3 Re8 24. Rc2 Nb8 25. Rac1 a6 26. Rc5 Qd6 27. Qg3 Nd7 28.
R5c2 Ne7 29. e4 Nc8 30. Bh3 Na7 31. Bg4 Re7 32. Kg2 c5 33. d4 c4 34. dxe5 Qc6
35. f3 Nc5 36. Rh1 Nxe4 37. Qf4 Nc5 38. h5 Ne6 39. Bxe6 Qxe6 40. h6 Qf5 41.
Qxf5 gxf5 42. e6 c3 43. Rxc3 gxh6 44. Rxh6 fxe6 45. Rxc7 Rxc7 46. Rh8+ 1-0

[Event "DEM U16 2017"]
[Site "Willingen GER"]
[Date "2017.06.04"]
[Round "2"]
[White "Gungl, Theo"]
[Black "Junker, Magnus"]
[Result "1-0"]
[Termination "normal"]
[Board "7"]
[WhiteTitle "FM"]
[WhiteElo "2239"]
[BlackElo "1983"]
[WhiteClock "00:26:43"]
[BlackClock "00:19:38"]
[PlyCount "103"]
[WhiteFideId "24695653"]
[BlackFideId "16218507"]
[EventCountry "GER"]
[EventRounds "9"]
[EventType "swiss"]
[EventDate "2017.06.03"]

1. e4 c5 2. Nf3 d6 3. d4 cxd4 4. Nxd4 Nf6 5. Nc3 a6 6. Bg5 e6 7. f4 Be7 8. Qf3
h6 9. Bh4 Qc7 10. O-O-O Nbd7 11. Bd3 b5 12. Rhe1 Bb7 13. Qg3 b4 14. Nb1 Rc8 15.
e5 Nh5 16. Nxe6 fxe6 17. Bg6+ Kf8 18. Bxe7+ Kg8 19. Qg4 Qc4 20. Nd2 Qxa2 21.
Qxh5 Rh7 22. Re3 Nc5 23. Bxh7+ Kxh7 24. Rg3 Qa1+ 25. Nb1 Be4 26. Rd2 b3 27. Qf7
Nd3+ 28. Rgxd3 bxc2 29. Rxc2 Rxc2+ 30. Kxc2 Bxd3+ 31. Kxd3 Qxb1+ 32. Ke3 Qe1+
33. Kf3 dxe5 34. Bf8 Qf1+ 35. Kg3 exf4+ 36. Qxf4 Qd3+ 37. Qf3 Qd4 38. Qc3 Qd7
39. h3 Qf7 40. Bd6 Qf5 41. Be5 Qg6+ 42. Kh2 Qf7 43. Qc7 Qg6 44. Bc3 Qg5 45. Qf7
h5 46. Bxg7 Qxg7 47. Qxh5+ Kg8 48. Qg4 Qxg4 49. hxg4 Kg7 50. Kg3 Kg6 51. Kf4
Kf6 52. b4 1-0

[Event "DEM U16 2017"]
[Site "Willingen GER"]
[Date "2017.06.04"]
[Round "2"]
[White "Schmidek, Emil"]
[Black "Weber, Samuel"]
[Result "1-0"]
[Termination "normal"]
[Board "8"]
[WhiteTitle "FM"]
[WhiteElo "2424"]
[BlackElo "2039"]
[WhiteClock "00:41:26"]
[BlackClock "00:18:20"]
[PlyCount "99"]
[WhiteFideId "12908150"]
[BlackFideId "12924008"]
[EventCountry "GER"]
[EventRounds "9"]
[EventType "swiss"]
[EventDate "2017.06.03"]

1. e4 e5 2. Nf3 Nc6 3. Bb5 a6 4. Ba4 Nf6 5. O-O Be7 6. Re1 b5 7. Bb3 d6 8. c3
O-O 9. h3 Nb8 10. d3 Nbd7 11. Nbd2 Bb7 12. Nf1 Nc5 13. Bc2 Re8 14. Ng3 Bf8 15.
Nh2 g6 16. Qf3 Bg7 17. h4 h5 18. Bg5 Ne6 19. Bb3 Qe7 20. Qe3 Nxg5 21. hxg5 Nd7
22. Ne2 Nc5 23. g4 hxg4 24. Nxg4 Bc8 25. Nh2 Be6 26. Bc2 Bd7 27. Kg2 Ne6 28.
Nf3 Nf8 29. Rh1 Bg4 30. Rh4 Bh5 31. Bb3 Nh7 32. Rxh5 gxh5 33. g6 Kh8 34. gxh7
Qf6 35. Qg5 Qxg5+ 36. Nxg5 f6 37. Nf3 Kxh7 38. Rh1 Rh8 39. Ng3 Raf8 40. Rxh5+
Bh6 41. Nh4 f5 42. Ngxf5 Rf6 43. Kh3 a5 44. Nf3 Kg6 45. Kg4 c6 46. a3 a4 47.
Ba2 c5 48. Bd5 Kh7 49. Ng5+ Kg6 50. Bf7+ 1-0